KOHA-Header-6

The handbook of market intelligence : (Record no. 12559)

000 -LEADER
fixed length control field 02384cam a22003858a 4500
001 - CONTROL NUMBER
control field 16832778
003 - CONTROL NUMBER IDENTIFIER
control field MAJU-Karachi
005 - DATE AND TIME OF LATEST TRANSACTION
control field 20201003100846.0
008 - FIXED-LENGTH DATA ELEMENTS--GENERAL INFORMATION
fixed length control field 110617s2011 njua b 001 0 eng
010 ## - LIBRARY OF CONGRESS CONTROL NUMBER
LC control number 2011026195
020 ## - INTERNATIONAL STANDARD BOOK NUMBER
International Standard Book Number 9781119993643 (hardback)
040 ## - CATALOGING SOURCE
Original cataloging agency DLC
Transcribing agency DLC
Modifying agency DLC
042 ## - AUTHENTICATION CODE
Authentication code pcc
050 00 - LIBRARY OF CONGRESS CALL NUMBER
Classification number HD38.7
Item number .H44 2011
082 00 - DEWEY DECIMAL CLASSIFICATION NUMBER
Classification number 658.8/3
Edition number 23
084 ## - OTHER CLASSIFICATION NUMBER
Classification number BUS043000
Source of number bisacsh
100 1# - MAIN ENTRY--PERSONAL NAME
Personal name Hedin, Hans.
245 14 - TITLE STATEMENT
Title The handbook of market intelligence :
Remainder of title understand, compete and grow in global markets /
Statement of responsibility, etc Hans Hedin, Irmeli Hirvensalo, Markko Vaarnas.
250 ## - EDITION STATEMENT
Edition statement 1st ed.
260 ## - PUBLICATION, DISTRIBUTION, ETC. (IMPRINT)
Place of publication, distribution, etc Hoboken, N.J. :
Name of publisher, distributor, etc Wiley,
Date of publication, distribution, etc 2011.
300 ## - PHYSICAL DESCRIPTION
Extent x, 244 p. :
Other physical details ill. ;
Dimensions 26 cm.
504 ## - BIBLIOGRAPHY, ETC. NOTE
Bibliography, etc Includes bibliographical references and index.
520 ## - SUMMARY, ETC.
Summary, etc "This resource gives readers a step-by-step roadmap for establishing, conducting, and further developing competitor intelligence programs within an organization, turning market data into actionable insights. It is full of best practice advice based on hundreds of real-life international case studies. The material is backed up by extensive global survey data, providing readers with benchmark data on how intelligence programs are being organized, operated, and resourced worldwide. From the vast amount of examples, the authors have distilled Six Key Success Factors for organizing future-oriented corporate intelligence programs"--
520 ## - SUMMARY, ETC.
Summary, etc "This text is full of best practice advice based on hundreds of real-life international case studies. The material is backed up by extensive global survey data, providing readers with benchmark data on how intelligence programs are being organized, operated, and resourced worldwide. From the vast amount of examples, the authors have distilled Six Key Success Factors for organizing future-oriented corporate intelligence programs"--
650 #0 - SUBJECT ADDED ENTRY--TOPICAL TERM
Topical term or geographic name as entry element Business intelligence.
650 #0 - SUBJECT ADDED ENTRY--TOPICAL TERM
Topical term or geographic name as entry element Marketing research.
650 #0 - SUBJECT ADDED ENTRY--TOPICAL TERM
Topical term or geographic name as entry element Business intelligence
Form subdivision Case studies.
650 #0 - SUBJECT ADDED ENTRY--TOPICAL TERM
Topical term or geographic name as entry element Marketing research
Form subdivision Case studies.
650 #7 - SUBJECT ADDED ENTRY--TOPICAL TERM
Topical term or geographic name as entry element BUSINESS & ECONOMICS / Marketing / General.
Source of heading or term bisacsh
700 1# - ADDED ENTRY--PERSONAL NAME
Personal name Hirvensalo, Irmeli.
700 1# - ADDED ENTRY--PERSONAL NAME
Personal name Vaarnas, Markko.
906 ## - LOCAL DATA ELEMENT F, LDF (RLIN)
a 7
b cbc
c orignew
d 1
e ecip
f 20
g y-gencatlg
942 ## - ADDED ENTRY ELEMENTS (KOHA)
Source of classification or shelving scheme
Koha item type Marketing
Holdings
Withdrawn status Lost status Source of classification or shelving scheme Damaged status Not for loan Collection code Permanent Location Current Location Shelving location Date acquired Full call number Barcode Date last seen Price effective from Koha item type
          Marketing MAJU MAJU   2020-10-03 658.8/3 9759 2020-10-03 2020-10-03 Marketing

Powered by Koha